000 00629nam a2200229Ia 4500
003 OSt
005 20220924132245.0
006 a|||||r|||| 00| 0
007 ta
008 220923b |||||||| |||| 00| 0 hin d
024 _a39212
037 _cTextual
040 _aARTS
_cARTS
_bhin
041 _2hin
_ahin
082 _aO15v2:N5, 152K6 (TTPS)
100 _aPandey Satya Narayan
_9204049
245 0 _aSanskrit sahitya ka alochanatmak itihaas
260 _c1966
650 _aENGLISH LITERATURE
942 _hO15v2:N5, 152K6 (TTPS)
_cTEXL
_2CC
999 _c429796
_d429796